000 005730000a22001810004500
003 MACL
005 20160512121841.0
008 160512b xxu||||| |||| 00| 0 eng d
040 _aMACL
_cMACL
041 _aHindi
082 _a891.431
100 _aरेडडी, सी नारायण
_956273
245 _aकविता मेरी सॉस
_cसी नारायण रेडडी
260 _bभारतीय ज्ञानपीठ
_c2007
_aदिल्‍ली
350 _a190
650 _aPoetry
_956274
942 _cHIN
_k891.431/RED/P
_2ddc
999 _c22336
_d22336